| 000 | 00787cab a2200229 4500 | ||
|---|---|---|---|
| 001 | WB3238-36 | ||
| 008 | 090401t1996 xxu||||| |||| 00| 0 eng d | ||
| 035 | _a(Sirsi) u20622 | ||
| 041 | _aeng | ||
| 245 | _aAgreement can be broken | ||
| 260 | _c1996 | ||
| 350 | _a0 | ||
| 490 |
_aTimes _v9 October 1996, 32(1) |
||
| 520 | _a"Mainwaring and another v Trustees of Henry Smith`s Charity (No 2)" 1996 (CA). Upholds the right of a tenant not to participate in acquiring the freehold from the landlord and this could not be taken away by contract. | ||
| 650 | _aFREEHOLD | ||
| 650 | _aLANDLORD AND TENANT ACT 1987 | ||
| 650 | _aMAINWARING AND ANOTHER V TRUSTEES OF HENRY SMITHS CHARITY | ||
| 650 | _aRIGHT OF FIRST REFUSAL | ||
| 690 | _aLAW | ||
| 942 | _n0 | ||
| 948 | _c04/03/1997 | ||
| 999 |
_c13814 _d13814 |
||